000 01001cam5a220027700 4500
001 lce00177841
008 760803s1976 sz b i000 0 eng
010 _a 76369743 //r88
015 _aSw***
020 _c10.00F
035 _a(Sirsi) r66663
035 _a(DLC) 76369743 //r88
035 _a(UPRA)lce00177841
050 0 _aR724
_b.W63 1976
082 _a174/.2
110 2 _aWorld Health Organization.
_6A1382.1
245 1 0 _aHealth aspects of human rights :
_bwith special reference to developments in biology and medicine.
260 _aGeneva : [Albany :
_bWorld Health Organization ; for sale by Q Corp.],
_aGeneva : [Albany :
_bWorld Health Organization ; for sale by Q Corp.],
_c1976.
504 _aIncludes bibliographical references.
650 0 _aMedical ethics.
_6S719.1
650 0 _aHuman rights.
_6S53.2
650 0 _aCivil rights.
_6S3523.1
650 0 _aMedical laws and legislation.
_6S19652.1
949 _aR724
_wLC
_i-89228
_mMEDICAL
_tBOOK
_lON-SHELF
004 66663
999 _c54636
_d54636